书目信息 |
| 题名: |
CorelDRAW X3中文版教程
|
|
| 作者: | 方晨 编著 | |
| 分册: | ||
| 出版信息: | 上海 上海科学普及出版社 2008.01 |
|
| 页数: | 285页 | |
| 开本: | 26cm | |
| 丛书名: | ||
| 单 册: | ||
| 中图分类: | TP391.41 | |
| 科图分类: | ||
| 主题词: | 图形软件--tu xing ruan jian--CorelDRAW X3--教材 | |
| 电子资源: | ||
| ISBN: | 978-7-5427-3965-0 | |
| 000 | 00826nam0 2200229 450 | |
| 001 | 012008482547 | |
| 005 | 20080510191835.10 | |
| 010 | @a978-7-5427-3965-0@dCNY24.00 | |
| 100 | @a20080510d2008 em y0chiy0120 ea | |
| 101 | 0 | @achi |
| 102 | @aCN@b310000 | |
| 105 | @aa z 000yy | |
| 106 | @ar | |
| 200 | 1 | @aCorelDRAW X3中文版教程@ACorelDRAW X3 zhong wen ban jiao cheng@f方晨编著@Ffang chen bian zhu |
| 210 | @a上海@c上海科学普及出版社@d2008.01 | |
| 215 | @a285页@c图@d26cm | |
| 330 | @a本书详细讲解了该软件的各种命令、工具的操作方法、绘图的基本技巧等基础知识。每章在讲解后有针对性的实例,并配合课后练习,巩固各章所学内容。 | |
| 606 | 0 | @a图形软件@Atu xing ruan jian@xCorelDRAW X3@j教材 |
| 690 | @aTP391.41@v4 | |
| 701 | 0 | @a方晨@Afang chen@4编著 |
| 801 | 0 | @aCN@bQSSK@c20080510 |
| 905 | @b710283-85@dTP391.41@eF185@f3 | |
| CorelDRAW X3中文版教程/方晨编著.-上海:上海科学普及出版社,2008.01 |
| 285页:图;26cm |
| ISBN 978-7-5427-3965-0:CNY24.00 |
| 本书详细讲解了该软件的各种命令、工具的操作方法、绘图的基本技巧等基础知识。每章在讲解后有针对性的实例,并配合课后练习,巩固各章所学内容。 |
| ● |
| 相关链接 |
|
|
|
正题名:CorelDRAW X3中文版教程
索取号:TP391.41/F185
 
预约/预借
| 序号 | 登录号 | 条形码 | 馆藏地/架位号 | 状态 | 备注 |
| 1 | 710283 | 207102838 | 自科库301/301自科库 95排2列2层/ [索取号:TP391.41/F185] | 在馆 | |
| 2 | 710284 | 207102847 | 自科库301/301自科库 95排2列2层/ [索取号:TP391.41/F185] | 在馆 | |
| 3 | 710285 | 207102856 | 自科库301/ [索取号:TP391.41/F185] | 在馆 |